000 00623cam a22002053a 4500
001 39053
003 PGUSA
005 20140828083849.0
008 120304s2012||||xxu|||||s|||||000 | eng d
040 _aPGUSA
_beng
042 _adc
100 1 _aBottone, Selimo Romeo
245 1 0 _aElectric Bells and All About Them :
_bA Practical Book for Practical Men
_h[electronic resource] /
_cSelimo Romeo Bottone
260 _bProject Gutenberg,
_c2012
506 _aPublic domain in the USA.
516 _aElectronic text
830 0 _aProject Gutenberg
_v39053
856 4 0 _uhttp://www.gutenberg.org/ebooks/39053
942 _cEB
999 _c268306
_d268306